[Event "AUTO-OPEN-2039"]
[Site "http://www.queenalice.com/game.php?id=802926"]
[Date "2010.7.13"]
[Round "1"]
[White "Mishee"]
[Black "GabrielGabera"]
[Result "0-1"]
[WhiteElo "1153"]
[BlackElo "1797"]

1. g4 Nc6 2. e4 d5 3. d3 dxe4 4. dxe4 Qxd1+ 5. Kxd1 Bxg4+ 6. Kd2 O-O-O+ 7. Ke3
Nd4 8. Kf4 Nxc2 9. a4 Nf6 10. Ra2 g6 11. Bd3 Rxd3 12. a5 Bh6+ 13. Ke5 Nd7# 0-1

[Event "AUTO-OPEN-2039"]
[Site "http://www.queenalice.com/game.php?id=802937"]
[Date "2010.7.13"]
[Round "1"]
[White "Mishee"]
[Black "peao_malvado"]
[Result "0-1"]
[WhiteElo "1230"]
[BlackElo "1994"]

1. Nf3 Nf6 2. Nc3 g6 3. g3 Bg7 4. Na4 O-O 5. b3 d5 6. b4 Bg4 7. Nh4 Qd7 8. Bb2
Qxa4 9. Bg2 Qxb4 10. Bc3 Qc5 11. f3 Be6 12. d4 Qxc3+ 13. Kf2 Ng4+ 14. fxg4 Bxd4+
15. Kf1 Qxa1 16. Qxa1 Bxa1 17. Kf2 Bc3 18. a4 f5 19. h3 fxg4+ 20. Ke3 Nd7 21.
Kd3 d4 22. e3 Nc5+ 23. Ke2 Bc4+ 24. Kd1 dxe3 25. Kc1 Bd2+ 26. Kd1 Nxa4 27. Bf1
Nc3# 0-1

[Event "AUTO-OPEN-2039"]
[Site "http://www.queenalice.com/game.php?id=802938"]
[Date "2010.7.13"]
[Round "1"]
[White "peao_malvado"]
[Black "Mishee"]
[Result "1-0"]
[WhiteElo "1994"]
[BlackElo "1206"]

1. d4 f5 2. g3 e6 3. Bg2 Bb4+ 4. Bd2 Bd6 5. Nf3 h5 6. c4 Nf6 7. Nc3 Rf8 8. O-O
b6 9. Nh4 a5 10. Bxa8 Na6 11. Nb5 Bb4 12. Bg5 Rf7 13. e4 fxe4 14. Bxe4 d6 15.
Bg6 Nb8 16. a3 Kd7 17. Bxf7 Ke7 18. Bxf6+ Kxf7 19. Qxh5+ Kf8 20. Ng6+ Kf7 21.
Ne5+ Kxf6 22. Qf7+ Kg5 23. Qg6# 1-0

[Event "AUTO-OPEN-2040"]
[Site "http://www.queenalice.com/game.php?id=803192"]
[Date "2010.7.14"]
[Round "1"]
[White "Mishee"]
[Black "leroioliveira"]
[Result "0-1"]
[WhiteElo "1206"]
[BlackElo "1289"]

1. a4 e5 2. d3 d5 3. g3 d4 4. e4 dxe3 5. fxe3 Qd5 6. c4 Qxh1 7. Bg2 Qxg1+ 8. Ke2
Bg4+ 9. Kd2 Qxd1+ 10. Kc3 Qxc1+ 11. Kb3 Bd1+ 12. Ka2 Nc6 13. Bh3 Nb4+ 14. Ka3
Nxd3+ 15. c5 Qxb2# 0-1

[Event "AUTO-OPEN-2040"]
[Site "http://www.queenalice.com/game.php?id=803193"]
[Date "2010.7.14"]
[Round "1"]
[White "leroioliveira"]
[Black "Mishee"]
[Result "1-0"]
[WhiteElo "1240"]
[BlackElo "1206"]

1. Nf3 d5 2. d4 f5 3. e3 e6 4. Nc3 a5 5. Ne5 Bd6 6. Qh5+ g6 7. Nxg6 hxg6 8. Qxh8
Bf8 9. Qxg8 Bd7 10. Qxg6+ Ke7 11. e4 fxe4 12. Bg5+ Kd6 13. Bxd8 Na6 14. Bxa6
bxa6 15. Qg3+ Kc6 16. Qxc7# 1-0

[Event "AUTO-OPEN-2040"]
[Site "http://www.queenalice.com/game.php?id=803195"]
[Date "2010.7.14"]
[Round "1"]
[White "zolaweed"]
[Black "Mishee"]
[Result "1-0"]
[WhiteElo "1811"]
[BlackElo "1233"]

1. e4 e6 2. d4 Bb4+ 3. c3 Bd6 4. Nf3 h5 5. Bd3 a6 6. O-O Nf6 7. e5 Be7 8. exf6
Bxf6 9. Re1 a5 10. Nbd2 a4 11. Nc4 b5 12. Ne3 c6 13. d5 cxd5 14. Nxd5 Be7 15.
Nxe7 Kxe7 16. Bxb5 Bb7 17. Ne5 Ra5 18. Bxa4 Bd5 19. c4 Bb7 20. b4 Ra6 21. b5 Rb6
22. c5 Rd6 23. Qxd6+ Kf6 24. Bg5+ Kxg5 25. Nxf7+ Kg6 26. Nxd8 Bc8 27. Qxb8 Rxd8
28. Qg3+ Kh6 29. Bc2 Bb7 30. Qg6# 1-0

[Event "AUTO-BEG-408"]
[Site "http://www.queenalice.com/game.php?id=803440"]
[Date "2010.7.14"]
[Round "1"]
[White "Mishee"]
[Black "Snoopy_GM"]
[Result "0-1"]
[WhiteElo "1241"]
[BlackElo "1836"]

1. c4 e5 2. e3 Nf6 3. Nc3 Nc6 4. g3 Bb4 5. Na4 O-O 6. a3 Bd6 7. b4 a6 8. Ra2 b5
9. Nc3 bxc4 10. Bxc4 Bb7 11. h4 Nxb4 12. Rb2 Nd3+ 13. Bxd3 Bxh1 14. Nb5 axb5 15.
Rxb5 Bc6 16. Rb3 Qe7 17. Bb2 Bxa3 18. Bxa3 Rxa3 19. Qc1 Rxb3 20. Ke2 Rfb8 21.
Bc4 Rb1 22. Qc2 Rxg1 23. Qb3 Rxb3 24. Bxb3 Bb5+ 25. Kf3 e4+ 26. Kf4 d6 27. g4
Rxg4+ 28. Kf5 Qe5# 0-1

[Event "AUTO-BEG-408"]
[Site "http://www.queenalice.com/game.php?id=803441"]
[Date "2010.7.14"]
[Round "1"]
[White "Snoopy_GM"]
[Black "Mishee"]
[Result "1-0"]
[WhiteElo "1853"]
[BlackElo "1245"]

1. d4 g6 2. c4 f6 3. Nc3 d6 4. Bf4 f5 5. e3 b6 6. Qf3 Ba6 7. Qxa8 Qd7 8. Qxb8+
Kf7 9. Qxa7 g5 10. Bxg5 h6 11. Bxh6 Bxh6 12. Qxa6 Nf6 13. Nf3 Rc8 14. Bd3 e6 15.
O-O Qd8 16. Qa4 Ra8 17. Qc2 Nh5 18. d5 Qd7 19. dxe6+ Kxe6 20. Bxf5+ Ke7 21. Bxd7
Kxd7 22. Qh7+ Kc8 23. Qxh6 Ra5 24. Nb5 Kb7 25. Qxh5 Ra4 26. Qd5+ Ka6 27. Qa8#
1-0

[Event "AUTO-BEG-408"]
[Site "http://www.queenalice.com/game.php?id=803444"]
[Date "2010.7.14"]
[Round "1"]
[White "Mishee"]
[Black "Scharlatan"]
[Result "0-1"]
[WhiteElo "1203"]
[BlackElo "1862"]

1. d4 Nf6 2. g3 g6 3. Bd2 Bg7 4. Nf3 O-O 5. c3 c5 6. dxc5 Nc6 7. Bf4 b6 8. Be3
bxc5 9. c4 d5 10. b3 Ng4 11. Bf4 Bxa1 12. h3 Nf6 13. h4 dxc4 14. bxc4 Qxd1+ 15.
Kxd1 Ng4 16. Ke1 Bf5 17. Nbd2 Bc3 18. Kd1 Nxf2+ 19. Ke1 Nxh1 20. Bg2 Nxg3 21.
Ng5 Rad8 22. Kf2 Bxd2 23. Bxg3 Nd4 24. a3 h6 25. Nh3 Bg4 26. Ng1 Bc1 27. Ke1
Bxa3 28. Kd2 Nf3+ 29. Ke3 Nxg1 30. Kf2 Nxe2 31. Be5 f6 32. Bh2 Kg7 33. Bf1 Rd2
0-1

[Event "AUTO-BEG-408"]
[Site "http://www.queenalice.com/game.php?id=803445"]
[Date "2010.7.14"]
[Round "1"]
[White "Scharlatan"]
[Black "Mishee"]
[Result "1-0"]
[WhiteElo "1176"]
[BlackElo "1209"]

1. e4 d5 2. d4 dxe4 3. Nc3 f5 4. f3 Be6 5. fxe4 g6 6. d5 Bd7 7. Qd4 Bg7 8. Qxg7
a6 9. Qxh8 Kf8 10. Bh6+ Kf7 11. Qxh7+ Kf6 12. Qg7# 1-0

[Event "Scacchi Sfida"]
[Site "http://www.queenalice.com/game.php?id=804510"]
[Date "2010.7.17"]
[Round "-"]
[White "scacchipazzo"]
[Black "Mishee"]
[Result "1-0"]
[WhiteElo "1654"]
[BlackElo "1151"]

1. e4 Na6 2. d4 e6 3. Nf3 b6 4. Nc3 Be7 5. Bc4 Nb8 6. Bf4 h6 7. O-O a5 8. Nb5 d6
9. e5 g5 10. Bg3 f5 11. exf6 Bxf6 12. Re1 a4 13. h3 Ra5 14. c3 d5 15. Bd3 c6 16.
Na3 h5 17. Bxb8 Ra8 18. Bh2 Ra7 19. Bf5 Ke7 20. Qe2 Rb7 21. Bxe6 Bxe6 22. Qxe6+
Kf8 23. Qxc6 Rbh7 24. Qxa4 Qb8 25. Bxb8 Rb7 26. Qe8+ Kg7 27. Be5 Re7 28. Qc6 Kg6
29. Qxd5 Nh6 30. Qd6 Rhh7 31. Qxf6# 1-0

[Event "Scacchi Sfida II"]
[Site "http://www.queenalice.com/game.php?id=818204"]
[Date "2010.8.14"]
[Round "-"]
[White "scacchipazzo"]
[Black "Mishee"]
[Result "1-0"]
[WhiteElo "1677"]
[BlackElo "1239"]

1. e4 g6 2. d4 d6 3. Bc4 h6 4. Nf3 c6 5. O-O e6 6. Re1 a6 7. Nc3 Be7 8. b3 h5 9.
Bb2 a5 10. d5 Bf8 11. Ne2 f6 12. Ned4 Kf7 13. dxe6+ Ke7 14. Qd2 Bg7 15. Nh4 Qe8
16. Rad1 b5 17. Bd3 Nh6 18. c4 bxc4 19. Bxc4 Bb7 20. Nc2 d5 21. exd5 Kd6 22.
Ba3+ Kc7 23. d6+ Kd8 24. d7 Kc7 25. dxe8=Q Rxe8 26. Qd6+ Kb6 27. Bc5# 1-0

[Event "Scacchi!"]
[Site "http://www.queenalice.com/game.php?id=819112"]
[Date "2010.8.16"]
[Round "-"]
[White "alamanerademachine"]
[Black "Mishee"]
[Result "1-0"]
[WhiteElo "1340"]
[BlackElo "1168"]

1. e4 a6 2. d4 f6 3. f4 d6 4. Bd3 g6 5. Nc3 a5 6. Nd5 e6 7. Nc3 c6 8. f5 gxf5 9.
exf5 exf5 10. Qf3 h6 11. Bxf5 Na6 12. Qe4+ Kf7 13. Bg6+ Kg7 14. g4 d5 15. Qd3
Nb4 16. Qh3 Kxg6 17. Qg2 h5 18. gxh5+ Kxh5 19. h3 Rh7 20. Nge2 Rg7 21. Qf3+ 1-0

[Event "Challenge"]
[Site "http://www.queenalice.com/game.php?id=822606"]
[Date "2010.8.24"]
[Round "-"]
[White "SALES"]
[Black "Mishee"]
[Result "1-0"]
[WhiteElo "1311"]
[BlackElo "1159"]

1. d4 e6 2. Nf3 Bb4+ 3. Bd2 Bd6 4. e4 a6 5. e5 Be7 6. c4 a5 7. Nc3 b5 8. Nxb5
Bb4 9. a3 Be7 10. d5 c6 11. Nc3 Bb7 12. d6 Bf8 13. Bg5 1-0

[Event "Challenge"]
[Site "http://www.queenalice.com/game.php?id=828934"]
[Date "2010.9.6"]
[Round "-"]
[White "palergiuseppe"]
[Black "Mishee"]
[Result "1-0"]
[WhiteElo "1227"]
[BlackElo "1184"]

1. e4 e5 2. Nf3 f6 3. Bc4 Nh6 4. O-O a6 5. d3 b5 6. Bd5 Ra7 7. c3 Bc5 8. Be3 c6
9. Bb3 a5 10. Bxc5 Rc7 11. Bb6 Rb7 12. Bxd8 Kxd8 13. Nbd2 a4 14. Bc2 g6 15. h3
f5 16. Nxe5 d6 17. Nxc6+ Kc7 18. Na5 Ra7 19. Nac4 g5 20. Ne3 Re8 21. Nd5+ 1-0

[Event "Challenge"]
[Site "http://www.queenalice.com/game.php?id=830289"]
[Date "2010.9.9"]
[Round "-"]
[White "Mishee"]
[Black "fantasigno"]
[Result "0-1"]
[WhiteElo "1205"]
[BlackElo "1944"]

1. d4 d6 2. d5 e5 3. e4 Nf6 4. Bb5+ Bd7 5. h4 Bxb5 6. b3 Nxe4 7. f3 Ng3 8. Rh3
Nf5 9. g4 Nxh4 10. Be3 c5 11. c4 Bd7 12. Bf2 Be7 13. a4 Qa5+ 14. Ke2 f5 15. Bxh4
Bxh4 16. Rxh4 fxg4 17. fxg4 O-O 18. Ra2 Rf4 19. Nd2 Bxg4+ 20. Ke3 Qc3# 0-1